| Tag |
First Indicator |
Second Indicator |
Subfields |
| LEADER |
00000cam a2200000 4500 |
| 001 |
in00000355607 |
| 005 |
20151011063340.0 |
| 008 |
760629s1939 paua 00010 eng |
| 010 |
|
|
|a 39013740
|
| 035 |
|
|
|a (OCoLC)02288032
|
| 035 |
|
|
|9 ABN2221AM
|
| 040 |
|
|
|a DLC
|c DRB
|d TXA
|d UtOrBLW
|
| 049 |
|
|
|a TXAM
|c 1 [102302], 2 [124403]
|
| 050 |
0 |
0 |
|a SB355
|b .T12
|
| 100 |
1 |
|
|a Talbert, Thomas Jesse,
|d 1880-
|
| 245 |
1 |
0 |
|a Fruit crops ;
|b principles and practices of orchard and small fruit culture /
|c by T. J. Talbert ... and A. E. Murneek ... illustrated with 112 engravings.
|
| 264 |
|
1 |
|a Philadelphia :
|b Lea & Febiger,
|c [1939]
|
| 264 |
|
4 |
|c [©1939]
|
| 300 |
|
|
|a 345 pages :
|b illustrations ;
|c 24 cm.
|
| 336 |
|
|
|a text
|b txt
|2 rdacontent
|
| 337 |
|
|
|a unmediated
|b n
|2 rdamedia
|
| 338 |
|
|
|a volume
|b nc
|2 rdacarrier
|
| 504 |
|
|
|a "Selected references" at end of each chapter except chapter III.
|
| 650 |
|
0 |
|a Fruit-culture.
|
| 700 |
1 |
|
|a Murneek, A. E.
|q (Andrew Edward),
|d 1888-
|
| 999 |
|
|
|a MARS
|
| 999 |
f |
f |
|s 15f6a2eb-b5bd-332a-9d1c-f48fe1d8098d
|i 9a3f66ef-02c3-3c7f-bb00-a120068ce9f7
|t 0
|
| 952 |
f |
f |
|p ric
|a Texas A&M University
|b Rellis Campus
|c Joint Library Facility
|d Remote Storage
|t 0
|e SB355 .T12
|h Library of Congress classification
|i unmediated -- volume
|m A14805200628
|
| 998 |
f |
f |
|a SB355 .T12
|t 0
|l Remote Storage
|